000 00609nam a22002177a 4500
003 BD-DhJNU
005 20251211040305.0
008 251211b |||||||| |||| 00| 0 eng d
020 _a9789355738806
020 _a9355738803
040 _aBD-DhJNU
_bENG
_cBD-DhJNU
_dBD-DhJNU
082 _223
_a658 MES
100 _aMello Jeffrey A.
245 _aStrategic human resource management /
_cJeffrey A. Mello
250 _a5th ed.
260 _aAustralia :
_bCengage Learning,
_c2021.
300 _axiv, 673p. :
_bill. ;
_c25 cm.
504 _aIncludes index
650 _aManagement
942 _2ddc
_cBK
_n0
999 _c2418
_d2418